გამოკვლევები ფსიქოლოგიაში : (ბიბ.ჩანაწერი № 58300)
[ მარტივი ფორმატი ]
| 000 -ლიდერი | |
|---|---|
| ფიქსირებული სიგრძის საკონტროლო ველი | 00436nam a22000977a 4500 |
| 008 - ფიქსირებული სიგრძის მონაცემები--ზოგადი ცნობები | |
| ფიქსირებული სიგრძის საკონტროლო ველი | 211101s1991 ge ||||| |||| 00| 0 geo d |
| 020 ## - ISBN | |
| ISBN | 5520008663 |
| 100 ## - პირველი ავტორი--პიროვნების სახელი | |
| პიროვნების სახელი | ბოჭორიშვილი, ანგია |
| 9 (RLIN) | 767 |
| 245 ## - ცნობა სათაურზე | |
| სათაური | გამოკვლევები ფსიქოლოგიაში : |
| ქვესათაური | 1 / |
| ცნობა პასუხისმგებლობის და ასშ შესახებ | ანგია ბოჭორიშვილი. |
| 264 ## - გამოცემის, წარმოების, დისტრიბუციის ცნობები | |
| გამოცემის, წარმოების, დისტრიბუციის... ადგილი | თბილისი : |
| გამოცემის, წარმოების, დისტრიბუციის... სახელწოდება | მეცნიერება, |
| გამოცემის, წარმოების, დისტრიბუციის... თარიღი | 1991. |
| ჩამოწერის სტატუსი | დაკარგვის სტატუსი | კლასიფიკაციის ან თაროზე გაწყობის წყარო | მასალა (bound volume or other part) | დაზიანების სტატუსი | არ გაიცემა | ადგილმდებარეობა (ბიბლიოთეკა - შენახვის ადგილი) | დროებითი ადგილმდებარეობა (ბიბლიოთეკა - შენახვის ადგილი) | თაროზე განთავსების ადგილი | შემოსვლის თარიღი | შეძენის ფასი | Koha ბოლო ოპერაციის დრო | ეგზემპლარის მიმდევრობითი ნომერი (კეტერი?) | ფასის დაფიქსირების თარიღი | Koha დოკუმენტის სახეობა |
|---|---|---|---|---|---|---|---|---|---|---|---|---|---|---|
| გადასაყვანია | ბათუმის შოთა რუსთაველის სახელმწიფო უნივერსიტეტის მთავარი ბიბლიოთეკა | ბათუმის შოთა რუსთაველის სახელმწიფო უნივერსიტეტის მთავარი ბიბლიოთეკა | წიგნსაცავი | 2021-11-01 | 5.00 | 2021-11-01 | 5409 | 2021-11-01 | წიგნი |
